| 000 | 00827pam a2200265 a 4500 | ||
|---|---|---|---|
| 008 | |||
| 020 | _a8178082934 (pbk.) | ||
| 049 | _aMAIN | ||
| 090 | 0 | _aTK1010 SAU | |
| 100 | 1 | _aSauer, Peter W. | |
| 245 | 1 | 0 |
_aPower system dynamics and stability / _cPeter W. Sauer, M.A. Pai. |
| 260 |
_aDelhi : _bPeason Education, _cc1998. |
||
| 300 |
_ax, 357 p. : _bill. ; _c25 cm. |
||
| 504 | _aIncludes bibliographical references. | ||
| 500 | _aIncludes index. | ||
| 650 | 0 | _aElectric power system stability. | |
| 650 | 0 |
_aElectric machinery, Synchronous _xMathematical models. |
|
| 650 | 0 |
_aElectric power systems _xControl. |
|
| 700 | 1 | _aPai, M. A. | |
| 907 |
_a.b10210532 _b17-08-06 _c17-08-06 |
||
| 003 | |||
| 005 | 20230123134235.0 | ||
| 040 | _cNUST | ||
| 942 |
_cBOOKS _kTK1010 SAU |
||
| 999 |
_c162480 _d162480 |
||